Building sustainability in India's North Eastern : (Record no. 213939)
[ view plain ]
| 000 -LEADER | |
|---|---|
| fixed length control field | 00701nam a22001937a 4500 |
| 005 - DATE AND TIME OF LATEST TRANSACTION | |
| control field | 20251216112337.0 |
| 010 ## - LCCN (DPL NO) | |
| LC control number | ENG-147307 |
| 020 ## - INTERNATIONAL STANDARD BOOK NUMBER | |
| International Standard Book Number | 9788194530534 |
| Terms of availability | 1200.00 |
| 035 ## - SYSTEM CONTROL NUMBER | |
| System control number | EN-130839 |
| 037 ## - SOURCE OF ACQUISITION | |
| Source of stock number/acquisition | DBAD |
| 082 ## - DEWEY DECIMAL CLASSIFICATION NUMBER | |
| Classification number | 658.3 |
| Edition number | 1 |
| 245 ## - TITLE STATEMENT | |
| Title | Building sustainability in India's North Eastern : |
| Remainder of title | challenges and opportunities / |
| Statement of responsibility, etc | Edited by - Sabyasachi Mahanta [and] Rimjim Borah |
| 260 ## - PUBLICATION, DISTRIBUTION, ETC. (IMPRINT) | |
| Place of publication, distribution, etc | Assam |
| Name of publisher, distributor, etc | Gargaon Collega, Simaluguri Sivasagar |
| Date of publication, distribution, etc | 2025 |
| 270 ## - ADDRESS | |
| Address | Gurgaon College, Simaluguri Sivasagar, |
| City | Assam |
| Postal code | 785686 |
| 300 ## - PHYSICAL DESCRIPTION | |
| Extent | 301p. |
| Dimensions | 22cm(hb) |
| 700 ## - ADDED ENTRY--PERSONAL NAME | |
| Personal name | Borah, Rimjim |
| 9 (RLIN) | 84700 |
| Relator term | Editor |
| 700 ## - ADDED ENTRY--PERSONAL NAME | |
| Personal name | Mahanta, Sabyasachi |
| Relator term | Editor |
| 9 (RLIN) | 86107 |
| 942 ## - ADDED ENTRY ELEMENTS (KOHA) | |
| Source of classification or shelving scheme | Dewey Decimal Classification |
| Item type | English Books |
| Classification part | 658.3 |
| Call number suffix | BUI |
| Withdrawn status | Lost status | Not for loan | Collection code | Home library | Current library | Date acquired | Source of acquisition | Cost, normal purchase price | Full call number | Barcode | Copy number | Cost, replacement price | Koha item type |
|---|---|---|---|---|---|---|---|---|---|---|---|---|---|
| Non-fiction | Sarojini Nagar | Sarojini Nagar | 16/12/2025 | Delivery of Books Act Division | 1200.00 | 658.3 BUI | EN-130839 | 1 | 1200.00 | English Books |
